000 00821nam a2200265Ia 4500
005 20260121170442.0
008 008 260114s9999 xx 000 0 eng d
020 _a9783319587899
037 _aEBOOK
040 _aCRL
040 _beng
040 _cCRL
041 _2eng
041 _aeng
084 _qCRL
100 _aAndre Bationo, Djimasbé Ngaradoum, Sansan Youl, Francois Lompo, Joseph Opoku Fening
_91064060
245 0 _aImproving the Profitability, Sustainability and Efficiency of Nutrients Through Site Specific Fertilizer Recommendations in West Africa Agro-Ecosystems
260 _bSpringer
260 _bSpringer
260 _c2018
856 _uhttps://link.springer.com/openurl?genre=book&isbn=978-3-319-58789-9
942 _cEBOOK
999 _c1629789
_d1629789